[Event "XVII C.to Italiano UISP A"]
[Site "Montecatini Terme ITA"]
[Date "1996.12.??"]
[Round "6"]
[White "Bruno, Massimo"]
[Black "Ottavi, Marco"]
[WhiteElo "1984"]
[BlackElo "1945"]
[Result "1/2-1/2"]
[PlyCount "67"]
[EventDate "1996.12.04"]

1. d4 c5 2. dxc5 e6 3. Nc3 Nf6 4. b4 a5 5. Nb5 Nc6 6. Nd6+ Bxd6 7. cxd6 axb4 8.
Bg5 Ra5 9. Qc1 Rd5 10. e4 Rxd6 11. Nf3 Qa5 12. Bd3 e5 13. O-O O-O 14. Nd2 Re6
15. Nb3 Qb6 16. Bc4 Rd6 17. Be3 Nd4 18. Nxd4 exd4 19. Bf4 Rc6 20. Bd3 d5 21.
exd5 Nxd5 22. Bg3 h6 23. Qd2 Re8 24. a4 Nc3 25. Rfe1 Rce6 26. h3 Qc5 27. Rxe6
Rxe6 28. Re1 Rxe1+ 29. Qxe1 Be6 30. Qe5 Qxe5 31. Bxe5 Nxa4 32. Bxd4 b6 33. Kf1
Nc5 34. Ke2 1/2-1/2

[Event "XVII C.to Italiano UISP A"]
[Site "Montecatini Terme ITA"]
[Date "1996.12.??"]
[Round "6"]
[White "Ceccatelli, Claudio"]
[Black "Falchetta, Giovanni"]
[WhiteElo "1714"]
[BlackElo "2205"]
[Result "1/2-1/2"]
[PlyCount "118"]
[EventDate "1996.12.04"]

1. d4 d5 2. Nf3 Bf5 3. c4 e6 4. Nc3 c6 5. Bf4 Bd6 6. Bxd6 Qxd6 7. Qb3 Qe7 8. e3
h6 9. cxd5 exd5 10. Nxd5 cxd5 11. Qxd5 Qb4+ 12. Nd2 Ne7 13. Qb5+ Qxb5 14. Bxb5+
Bd7 15. Be2 Nbc6 16. Ne4 O-O 17. Nc5 Bc8 18. Bf3 b6 19. d5 Ne5 20. Be4 f5 21.
d6 fxe4 22. dxe7 Re8 23. Nxe4 Ba6 24. O-O-O Rxe7 25. Rd4 Nc6 26. Rd6 Rxe4 27.
Rxc6 Rd8 28. Rd1 Rxd1+ 29. Kxd1 Re7 30. Kd2 Bb7 31. Rg6 Kf7 32. Rg4 g6 33. f3
Rc7 34. Rd4 Bc6 35. e4 Bb7 36. Ke3 Ke6 37. b4 Rd7 38. Rc4 Ba6 39. Rc6+ Rd6 40.
Rc3 Bb5 41. f4 Rc6 42. Rxc6+ Bxc6 43. Kd4 h5 44. h4 Bb5 45. a3 Ba4 46. g3 Bc2
47. Ke3 Kd6 48. Kd4 Bd1 49. Ke3 Bg4 50. Kd2 Ke7 51. Ke3 Kd6 52. Kd4 Be6 53. Ke3
a5 54. Kd4 axb4 55. axb4 Bh3 56. Kc4 Ke6 57. Kd4 Kd6 58. Kc4 Bf1+ 59. Kd4 Be2
1/2-1/2

[Event "XVII C.to Italiano UISP A"]
[Site "Montecatini Terme ITA"]
[Date "1996.12.??"]
[Round "6"]
[White "Cecconi, Giovanni Alberto"]
[Black "Pastres, Roberto"]
[WhiteElo "2215"]
[BlackElo "2215"]
[Result "1-0"]
[PlyCount "73"]
[EventDate "1996.12.04"]

1. g3 f5 2. Bg2 Nf6 3. Nf3 g6 4. O-O Bg7 5. d4 O-O 6. c4 d6 7. Nc3 Qe8 8. b3
Na6 9. Bb2 c6 10. Re1 h6 11. e4 fxe4 12. Nxe4 Nxe4 13. Rxe4 Bf5 14. Re3 Qf7 15.
Qe1 Bf6 16. Rd1 g5 17. Rd2 Nb4 18. Qe2 Rae8 19. a3 Na6 20. Ne1 Nc7 21. Bf3 Bg6
22. Be4 Bxe4 23. Rxe4 Qg7 24. Qg4 d5 25. Re3 c5 26. Nf3 dxc4 27. bxc4 Rd8 28.
Qe4 g4 29. Ne5 Bg5 30. Nxg4 Bxe3 31. Nxe3 Qf7 32. d5 Ne8 33. Ng4 Qh7 34. Qe6+
Rf7 35. Nxh6+ Kf8 36. Nxf7 Qxf7 37. Qh6+ 1-0

[Event "XVII C.to Italiano UISP A"]
[Site "Montecatini Terme ITA"]
[Date "1996.12.??"]
[Round "6"]
[White "Del Dotto, Riccardo"]
[Black "Verrascina, Nicola"]
[WhiteElo "1989"]
[BlackElo "2080"]
[Result "1/2-1/2"]
[PlyCount "40"]
[EventDate "1996.12.04"]

1. e4 d5 2. exd5 Nf6 3. Nc3 Nxd5 4. Bc4 Nb6 5. Bb3 Nc6 6. Qf3 e6 7. Nge2 Be7 8.
d3 O-O 9. O-O Na5 10. Re1 Bd7 11. Nf4 Bc6 12. Qg4 Nxb3 13. axb3 Kh8 14. Nh5 g6
15. Bh6 Rg8 16. Ng3 Bf8 17. Bxf8 Rxf8 18. Qe2 Nd5 19. Nxd5 Qxd5 20. Qe5+ Qxe5
1/2-1/2

[Event "XVII C.to Italiano UISP A"]
[Site "Montecatini Terme ITA"]
[Date "1996.12.??"]
[Round "6"]
[White "Di Vincenzi, Renato"]
[Black "Luciani, Valerio"]
[WhiteElo "2128"]
[BlackElo "2180"]
[Result "1-0"]
[PlyCount "183"]
[EventDate "1996.12.04"]

1. c4 e5 2. Nc3 Nc6 3. d3 g6 4. g3 Bg7 5. Bg2 d6 6. Nf3 h6 7. Bd2 Nge7 8. a3
Be6 9. b4 Qd7 10. Rc1 O-O 11. O-O Rae8 12. e3 f5 13. Ne2 g5 14. b5 Nd8 15. Ne1
Ng6 16. d4 f4 17. Be4 Bf5 18. Bd5+ Kh8 19. dxe5 Bh3 20. Bg2 Bxg2 21. Kxg2 dxe5
22. Bb4 Qxd1 23. Rxd1 Rf7 24. e4 g4 25. f3 h5 26. Nd3 Ne6 27. h3 gxf3+ 28. Rxf3
Ng5 29. Rdf1 Nxf3 30. Rxf3 Bf8 31. Be1 Rg7 32. Kf1 fxg3 33. Nxg3 h4 34. Nf5 Rh7
35. a4 Be7 36. Bc3 Bf6 37. Nb4 Rf7 38. a5 Rff8 39. a6 bxa6 40. Nxa6 Bd8 41. Nb4
Kh7 42. Nc6 Ne7 43. Nxe5 Nxf5 44. exf5 Bf6 45. Nd7 Bxc3 46. Nxf8+ Rxf8 47. Rxc3
Rxf5+ 48. Ke2 Kg6 49. Ra3 Rf4 50. Ra4 Kf5 51. Kd3 Ke6 52. Rxa7 Kd6 53. Kc3 Rf1
54. Ra6+ Kd7 55. Kb4 Rf3 56. Ra3 Rg3 57. c5 Kc8 58. Rc3 Kb7 59. Kc4 Rg1 60. Rb3
Rg3 61. Rd3 Rg1 62. Rd4 Rc1+ 63. Kb4 Rb1+ 64. Ka5 Re1 65. c6+ Ka7 66. Rxh4 Ra1+
67. Ra4 Rh1 68. Kb4+ Kb8 69. Ra3 Rb1+ 70. Rb3 Rf1 71. Rc3 Ka7 72. Ra3+ Kb8 73.
Rd3 Ka7 74. Rd5 Kb6 75. Rh5 Rf4+ 76. Kc3 Ra4 77. Kd3 Ra3+ 78. Ke4 Ra4+ 79. Kf3
Ra3+ 80. Kg4 Ra4+ 81. Kg5 Kxb5 82. Rh6 Ra1 83. Rg6 Rg1+ 84. Kh5 Rc1 85. h4 Rh1
86. Rf6 Rh2 87. Kg5 Rg2+ 88. Kh6 Rh2 89. h5 Rh1 90. Kg6 Rg1+ 91. Kf7 Rh1 92. h6
1-0

[Event "XVII C.to Italiano UISP A"]
[Site "Montecatini Terme ITA"]
[Date "1996.12.??"]
[Round "6"]
[White "Iatrino, Vincenzo"]
[Black "Unterthurner, Hans"]
[WhiteElo "1971"]
[BlackElo "1863"]
[Result "0-1"]
[PlyCount "76"]
[EventDate "1996.12.04"]

1. e4 e6 2. d4 d5 3. Nc3 Bb4 4. e5 c5 5. a3 Ba5 6. b4 cxb4 7. Nb5 Nc6 8. Nd6+
Kf8 9. Qh5 b3+ 10. Kd1 bxc2+ 11. Kxc2 Nxd4+ 12. Kd1 Qd7 13. a4 Bb4 14. Nf3 Nf5
15. Bb5 Qc7 16. Nxf5 exf5 17. Bb2 a6 18. Bd3 Be6 19. Ng5 d4 20. Nf3 Rd8 21. Ke2
Ne7 22. Rhc1 Nc6 23. Qh4 Qe7 24. Qf4 Bd5 25. Kf1 Bxf3 26. Qxf3 g6 27. Qh3 Kg7
28. f4 Na5 29. Rc2 Nb3 30. Rd1 Nc5 31. Rdc1 Nxa4 32. Qg3 Nxb2 33. Bxf5 Bc3 34.
Bh3 f5 35. Bxf5 Rhf8 36. Bh3 Qxe5 37. Kg1 Qxf4 38. Qxf4 Rxf4 0-1

[Event "XVII C.to Italiano UISP A"]
[Site "Montecatini Terme ITA"]
[Date "1996.12.??"]
[Round "6"]
[White "Lagrotteria, Salvatore"]
[Black "Caposciutti, Maurizio"]
[WhiteElo "2165"]
[BlackElo "2305"]
[Result "1/2-1/2"]
[PlyCount "39"]
[EventDate "1996.12.04"]

1. Nf3 d6 2. d4 Bg4 3. e4 Nf6 4. Nc3 e6 5. Be2 Be7 6. e5 dxe5 7. Nxe5 Bxe2 8.
Qxe2 c6 9. Be3 Nbd7 10. O-O O-O 11. Rad1 Nb6 12. Bc1 Nbd5 13. Ne4 Nxe4 14. Qxe4
Nf6 15. Qe2 Qc7 16. Rd3 Rfd8 17. c3 c5 18. dxc5 Qxc5 19. h3 Rxd3 20. Nxd3
1/2-1/2

[Event "XVII C.to Italiano UISP A"]
[Site "Montecatini Terme ITA"]
[Date "1996.12.??"]
[Round "6"]
[White "Maran, Walter"]
[Black "Bartolozzi, Roberto"]
[WhiteElo "1701"]
[BlackElo "1902"]
[Result "0-1"]
[PlyCount "96"]
[EventDate "1996.12.04"]

1. e4 e6 2. d4 d5 3. Nd2 Nf6 4. e5 Nfd7 5. Bd3 c5 6. c3 b6 7. f4 Ba6 8. Bxa6
Nxa6 9. Ndf3 Nc7 10. Ne2 Be7 11. O-O c4 12. Ng3 g6 13. Be3 Nb8 14. Qc2 Nc6 15.
Nh1 h5 16. Ng5 b5 17. h4 a5 18. Ng3 Bxg5 19. fxg5 Ne7 20. Bd2 Rb8 21. a3 Rb7
22. Rf6 Ng8 23. Rf2 Ne7 24. Raf1 Nf5 25. Nxf5 exf5 26. Be3 Ne6 27. Rb1 O-O 28.
g3 Qe7 29. Qd1 b4 30. axb4 axb4 31. cxb4 Qxb4 32. Bd2 Qb6 33. Bc3 Ra8 34. Qf3
Qc6 35. Rd2 Rb3 36. Qf2 Qb5 37. Rc1 Qb6 38. Kg2 Ra2 39. Rcc2 Ra1 40. Qf3 Qc6
41. Kh2 Re1 42. Qg2 Re4 43. Re2 Rxd4 44. Qg1 Rg4 45. Qa7 d4 46. Rcd2 dxc3 47.
Rd6 Qf3 48. Re3 Rxb2+ 0-1

[Event "XVII C.to Italiano UISP A"]
[Site "Montecatini Terme ITA"]
[Date "1996.12.??"]
[Round "6"]
[White "Mileto, Gabriele"]
[Black "Magalotti, Andrea"]
[WhiteElo "2210"]
[BlackElo "2100"]
[Result "0-1"]
[PlyCount "98"]
[EventDate "1996.12.04"]

1. d4 Nf6 2. Nf3 g6 3. c4 Bg7 4. Nc3 O-O 5. e4 d6 6. Be3 e5 7. Be2 Ng4 8. Bg5
f6 9. Bh4 Nc6 10. d5 Ne7 11. Nd2 Nh6 12. f3 Nf7 13. b4 f5 14. c5 g5 15. Bf2 f4
16. Rc1 Bd7 17. Nc4 h5 18. a4 Kh7 19. a5 Rg8 20. b5 dxc5 21. Bxc5 Nc8 22. Qb3
Bf8 23. Bf2 Ncd6 24. h3 b6 25. Ra1 Nxc4 26. Bxc4 Bd6 27. Ra2 Qe7 28. Ke2 Raf8
29. Nb1 Rg6 30. axb6 axb6 31. Ra7 Kg7 32. Qd1 Rh8 33. Qf1 Rgh6 34. Kd1 Qe8 35.
Nc3 g4 36. hxg4 hxg4 37. Rxh6 Rxh6 38. Be2 Qh8 39. Na4 Rh1 40. Bg1 Ng5 41. Kc2
Qb8 42. Ra6 Kf7 43. fxg4 Nxe4 44. g3 Nxg3 45. Qg2 Qh8 46. Nc3 e4 47. Nxe4 Nxe4
48. Qxe4 Rxg1 49. Bd3 Rxg4 0-1

[Event "XVII C.to Italiano UISP A"]
[Site "Montecatini Terme ITA"]
[Date "1996.12.??"]
[Round "6"]
[White "Nannelli, Paolo"]
[Black "Rossignoli, Fabio"]
[WhiteElo "2265"]
[BlackElo "1701"]
[Result "1-0"]
[PlyCount "41"]
[EventDate "1996.12.04"]

1. Nf3 Nf6 2. g3 g6 3. Bg2 Bg7 4. O-O d5 5. d3 O-O 6. Nbd2 c5 7. e4 Nc6 8. c3
Qc7 9. Re1 b6 10. exd5 Nxd5 11. Ng5 e6 12. Qe2 Bd7 13. h4 Rad8 14. Nc4 Bc8 15.
a4 Ba6 16. Nxe6 fxe6 17. Qxe6+ Kh8 18. Bxd5 Bxc4 19. dxc4 Rd6 20. Bf4 Rxf4 21.
Qg8# 1-0

[Event "XVII C.to Italiano UISP A"]
[Site "Montecatini Terme ITA"]
[Date "1996.12.??"]
[Round "6"]
[White "Oppici, Gabriele"]
[Black "Renier, Renzo"]
[WhiteElo "2055"]
[BlackElo "1893"]
[Result "0-1"]
[PlyCount "104"]
[EventDate "1996.12.04"]

1. Nf3 d5 2. d4 Nf6 3. Bg5 e6 4. e3 Be7 5. Bd3 O-O 6. Nbd2 b6 7. Ne5 Bb7 8. c3
Nbd7 9. h4 Nxe5 10. dxe5 Ne4 11. Qh5 f5 12. exf6 Bxf6 13. f3 g6 14. Qh6 Nd6 15.
Bxg6 hxg6 16. Qxg6+ Kh8 17. Rh3 Nf5 18. e4 dxe4 19. fxe4 Ng7 20. O-O-O Ba6 21.
Nf3 Qe7 22. Ne5 Bb5 23. Qh6+ Kg8 24. Ng6 Qc5 25. e5 Nf5 26. Qh5 Bg7 27. g4 Be2
28. Re1 Qf2 29. Rhh1 Rf7 30. Rxe2 Qxe2 31. Rd1 Ng3 32. Ne7+ Rxe7 33. Qg6 Qe4
34. Qxe4 Nxe4 35. Bxe7 Re8 36. Bf6 Nxf6 37. exf6 Bxf6 38. g5 Be5 39. Rd7 Bg3
40. h5 Bd6 41. Kc2 Re7 42. Rd8+ Kg7 43. b4 Bf4 44. Rd1 Bxg5 45. Kb3 e5 46. Kc4
e4 47. Re1 e3 48. Re2 c6 49. a4 Rd7 50. a5 Rd2 51. Re1 e2 52. Rg1 Kh6 0-1

[Event "XVII C.to Italiano UISP A"]
[Site "Montecatini Terme ITA"]
[Date "1996.12.??"]
[Round "6"]
[White "Pace, Roberto"]
[Black "Arnetta, Benedetto"]
[WhiteElo "1887"]
[BlackElo "1609"]
[Result "0-1"]
[PlyCount "106"]
[EventDate "1996.12.04"]

1. e4 c5 2. Nc3 e6 3. d3 d5 4. Qe2 d4 5. Nb1 Nc6 6. f4 Nf6 7. Nf3 Be7 8. g3 O-O
9. Bg2 Bd7 10. O-O Qb6 11. Na3 Na5 12. Ne5 Rac8 13. b3 Qc7 14. Bd2 a6 15. g4
Nc6 16. Nac4 b5 17. Nxc6 Bxc6 18. Ne5 Ba8 19. h3 Nd7 20. Nf3 Rfd8 21. Rfc1 Nb6
22. Rf1 c4 23. f5 e5 24. g5 Qd6 25. Nh2 cxd3 26. cxd3 Rc2 27. Rfc1 Rdc8 28. Qd1
Qc6 29. Nf3 f6 30. Rxc2 Qxc2 31. Qxc2 Rxc2 32. Rc1 Rxc1+ 33. Bxc1 b4 34. gxf6
gxf6 35. Nd2 a5 36. Bf1 Bc6 37. Kf2 a4 38. Be2 axb3 39. axb3 Nd7 40. Ke1 Nc5
41. Kd1 Bf8 42. Kc2 Bh6 43. Bd1 Be8 44. Bb2 Bxd2 45. Kxd2 Bf7 46. Bc1 Bxb3 47.
Bxb3+ Nxb3+ 48. Kc2 Nxc1 49. Kxc1 Kg7 50. Kb2 Kh6 51. Kb3 Kh5 52. Kxb4 Kh4 53.
Kc5 Kxh3 0-1

[Event "XVII C.to Italiano UISP A"]
[Site "Montecatini Terme ITA"]
[Date "1996.12.??"]
[Round "6"]
[White "Passerotti, Pierluigi"]
[Black "Efimov, Igor"]
[WhiteElo "2290"]
[BlackElo "2510"]
[Result "0-1"]
[PlyCount "114"]
[EventDate "1996.12.04"]

1. d4 d6 2. e4 Nf6 3. Nc3 c6 4. a4 g6 5. Be2 Bg7 6. Nf3 O-O 7. O-O Nbd7 8. Re1
e5 9. dxe5 dxe5 10. Qd6 Re8 11. Bc4 Bf8 12. Qd3 h6 13. Ne2 Qe7 14. Ng3 Nc5 15.
Qa3 Qc7 16. Qc3 a5 17. b3 Na6 18. Bd2 b6 19. h3 Kh7 20. Qe3 Nb4 21. Rac1 Bb7
22. Nh2 Ng8 23. Qf3 Kg7 24. h4 Rad8 25. Be3 h5 26. Ne2 Nd5 27. Bg5 f6 28. Bd2
Nb4 29. Be3 c5 30. Ng3 Nc6 31. c3 Nce7 32. Qe2 Nh6 33. f3 Nf7 34. Qc2 Bc6 35.
Ngf1 Nd6 36. Qe2 f5 37. exf5 gxf5 38. Bg5 Ng6 39. Bxd8 Qxd8 40. g3 f4 41. Bd3
Re6 42. Qg2 Kh6 43. Bxg6 Rxg6 44. g4 Bg7 45. g5+ Kh7 46. Qf2 Nf5 47. Rcd1 Qe7
48. Kh1 e4 49. fxe4 Bxe4+ 50. Nf3 Bxc3 51. Rxe4 Qxe4 52. N1h2 Rd6 53. Rxd6 Nxd6
54. g6+ Kg7 55. Qg2 Nf5 56. Qg5 Bf6 57. Qg2 Ng3+ 0-1

[Event "XVII C.to Italiano UISP A"]
[Site "Montecatini Terme ITA"]
[Date "1996.12.??"]
[Round "6"]
[White "Rossi, Carlo"]
[Black "Caruso, Augusto"]
[WhiteElo "2320"]
[BlackElo "2210"]
[Result "0-1"]
[PlyCount "73"]
[EventDate "1996.12.04"]

1. b3 d5 2. Bb2 Nf6 3. c4 e6 4. Nf3 c5 5. g3 Nc6 6. Bg2 Bd6 7. O-O O-O 8. e3
Qe7 9. Nc3 Rd8 10. Qe2 b6 11. Rac1 Bb7 12. Nb5 Bb8 13. Ba3 a6 14. Nbd4 Bd6 15.
Nxc6 Bxc6 16. Bb2 dxc4 17. bxc4 b5 18. d3 e5 19. Nh4 Bxg2 20. Kxg2 Qe6 21. e4
Nd7 22. Nf5 Nb6 23. f4 f6 24. Qg4 Qd7 25. fxe5 fxe5 26. Nh6+ Kh8 27. Nf7+ Kg8
28. Qg5 Rf8 29. Nxd6 Qxd6 30. Bxe5 Qd7 31. Rxf8+ Rxf8 32. cxb5 Qf7 33. bxa6 Nd7
34. Bf4 Qxa2+ 35. Kh1 Qxa6 36. Qd5+ Rf7 37. Rb1 0-1

[Event "XVII C.to Italiano UISP A"]
[Site "Montecatini Terme ITA"]
[Date "1996.12.??"]
[Round "6"]
[White "Samaritani, Fabio"]
[Black "Saccone, Fabio"]
[WhiteElo "2220"]
[BlackElo "2200"]
[Result "1/2-1/2"]
[PlyCount "134"]
[EventDate "1996.12.04"]

1. e4 e6 2. d4 d5 3. Nc3 dxe4 4. Nxe4 Bd7 5. Nf3 Bc6 6. Bd3 Nd7 7. O-O Bxe4 8.
Bxe4 c6 9. c4 Ngf6 10. Bc2 Be7 11. b3 O-O 12. Bb2 Qa5 13. a3 Rfd8 14. Qe2 Qh5
15. Rad1 Bf8 16. Rd2 g6 17. Re1 Bg7 18. h3 a6 19. b4 Re8 20. Qd1 b5 21. Ne5
Qxd1 22. Rexd1 Rac8 23. g3 Nb6 24. Bd3 Nfd7 25. Nxd7 Nxd7 26. Rc2 Nb6 27. Rdc1
Red8 28. cxb5 cxb5 29. Rxc8 Rxc8 30. Rxc8+ Nxc8 31. a4 Nd6 32. Kf1 Kf8 33. Ke2
Ke7 34. Bc3 Kd7 35. Ke3 Bh6+ 36. f4 Kc6 37. axb5+ axb5 38. Be4+ Nxe4 39. Kxe4
Kd6 40. Bd2 Bg7 41. Bc3 f6 42. Bb2 h6 43. h4 f5+ 44. Kd3 Kd5 45. Bc3 Bf6 46.
Bb2 g5 47. fxg5 hxg5 48. h5 Kd6 49. Bc3 Ke7 50. Be1 Kf7 51. g4 fxg4 52. Ke4 Kg7
53. d5 exd5+ 54. Kxd5 Kh6 55. Kc6 Kxh5 56. Bg3 Kg6 57. Kxb5 Kf5 58. Kc4 Ke4 59.
Bc7 Bd4 60. b5 Be3 61. b6 Kf3 62. Kd3 g3 63. b7 Ba7 64. b8=Q Bxb8 65. Bxb8 g4
66. Ba7 Kg2 67. Ke4 Kh2 1/2-1/2

[Event "XVII C.to Italiano UISP A"]
[Site "Montecatini Terme ITA"]
[Date "1996.12.??"]
[Round "6"]
[White "Sarno, Spartaco"]
[Black "Fabiano, Giuseppe"]
[WhiteElo "2410"]
[BlackElo "2240"]
[Result "0-1"]
[PlyCount "64"]
[EventDate "1996.12.04"]

1. c4 e5 2. Nc3 Nf6 3. Nf3 d6 4. g3 g6 5. Bg2 Bg7 6. O-O O-O 7. d3 Nbd7 8. Rb1
a5 9. a3 h6 10. b4 axb4 11. axb4 Nh5 12. Qb3 Kh7 13. Bb2 f5 14. Ra1 Rxa1 15.
Rxa1 Ndf6 16. Ra8 e4 17. dxe4 fxe4 18. Bh3 exf3 19. Rxc8 fxe2 20. Nxe2 Qe7 21.
Rxf8 Bxf8 22. Qd3 Nd7 23. Bg2 c6 24. Be4 Qe8 25. Qf3 Bg7 26. Bxg7 Kxg7 27. Qc3+
Nhf6 28. Bd3 Ne5 29. Nf4 g5 30. Ng2 Nf3+ 31. Kh1 Qh5 32. h4 Qg4 0-1

[Event "XVII C.to Italiano UISP A"]
[Site "Montecatini Terme ITA"]
[Date "1996.12.??"]
[Round "6"]
[White "Tencati, Giuseppe"]
[Black "Tocchioni, Doriano"]
[WhiteElo "2035"]
[BlackElo "2260"]
[Result "0-1"]
[PlyCount "98"]
[EventDate "1996.12.04"]

1. d4 c5 2. d5 e5 3. c4 d6 4. Nc3 Be7 5. Nf3 f5 6. e4 f4 7. g3 fxg3 8. hxg3 Nf6
9. Bh3 Na6 10. Qa4+ Bd7 11. Bxd7+ Nxd7 12. Be3 O-O 13. Qd1 Qe8 14. Qe2 Nc7 15.
O-O-O b5 16. Nd2 b4 17. Ncb1 a5 18. Qh5 Qxh5 19. Rxh5 Nf6 20. Rh4 Nd7 21. Rh2
Nb6 22. Kc2 Rf7 23. Kd3 Raf8 24. Nb3 Na4 25. Kc2 Ra8 26. N1d2 Ne8 27. Rf1 Nf6
28. f3 Nd7 29. Nc1 Raf8 30. Ncb3 Bd8 31. Nc1 Nf6 32. Rhf2 Nb6 33. Kd3 h6 34.
Ne2 Nbd7 35. Kc2 Nh7 36. f4 Nhf6 37. Rf3 Ng4 38. Bg1 a4 39. Kd3 Bf6 40. Kc2 Nb6
41. Rb1 Bd8 42. Rbf1 Nd7 43. Kd3 Ndf6 44. Re1 Nh7 45. Nf1 Ng5 46. Re3 Nxe3 47.
Kxe3 Nh3 48. Bh2 g5 49. f5 g4 0-1

[Event "XVII C.to Italiano UISP A"]
[Site "Montecatini Terme ITA"]
[Date "1996.12.??"]
[Round "6"]
[White "Tirabassi, Maurizio"]
[Black "Lucaroni, Massimiliano"]
[WhiteElo "2330"]
[BlackElo "2265"]
[Result "1/2-1/2"]
[PlyCount "57"]
[EventDate "1996.12.04"]

1. d4 Nf6 2. Nf3 e6 3. g3 c5 4. Bg2 Nc6 5. O-O cxd4 6. Nxd4 Bc5 7. Nb3 Be7 8.
c4 d5 9. cxd5 Nxd5 10. e4 Ndb4 11. Nc3 O-O 12. a3 Qxd1 13. Rxd1 Nc2 14. Rb1 Bf6
15. Bd2 Rd8 16. Rbc1 N2d4 17. Nxd4 Bxd4 18. b4 e5 19. h3 Be6 20. Nd5 Rd7 21. b5
Bxd5 22. exd5 Ne7 23. Bc3 Bxc3 24. Rxc3 Nf5 25. Rdc1 Nd6 26. Rc7 Rad8 27. f4
exf4 28. gxf4 f5 29. a4 1/2-1/2

[Event "XVII C.to Italiano UISP A"]
[Site "Montecatini Terme ITA"]
[Date "1996.12.??"]
[Round "6"]
[White "Valori, Vincenzo"]
[Black "Zucconi, Leandro"]
[WhiteElo "1902"]
[BlackElo "2140"]
[Result "1/2-1/2"]
[PlyCount "44"]
[EventDate "1996.12.04"]

1. e4 e6 2. d4 d5 3. e5 b6 4. Bb5+ c6 5. Ba4 Ne7 6. Ne2 Ng6 7. O-O Be7 8. Nd2
O-O 9. f4 f5 10. exf6 gxf6 11. Nf3 Bd7 12. c3 Na6 13. Kh1 Nc7 14. Rg1 Ne8 15.
g4 Nd6 16. Ng3 Ne4 17. Qe2 Nxg3+ 18. hxg3 Bd6 19. Bc2 Qe7 20. Bd2 Rae8 21. Rae1
Qg7 22. Nh2 Rf7 1/2-1/2

[Event "XVII C.to Italiano UISP A"]
[Site "Montecatini Terme ITA"]
[Date "1996.12.??"]
[Round "6"]
[White "Vezzosi, Paolo"]
[Black "Monteleone, Antonio"]
[WhiteElo "2310"]
[BlackElo "2200"]
[Result "1-0"]
[PlyCount "68"]
[EventDate "1996.12.04"]

1. e4 e6 2. d4 d5 3. e5 c5 4. c3 Nc6 5. Nf3 Bd7 6. a3 f6 7. Bd3 fxe5 8. dxe5
Nh6 9. O-O Nf7 10. Re1 g6 11. b4 Bg7 12. Bf4 c4 13. Bc2 Qe7 14. Qd2 O-O-O 15.
a4 Rdg8 16. Na3 Bf8 17. Nb5 g5 18. Nd6+ Nxd6 19. exd6 Qg7 20. Bg3 g4 21. Ne5
Bxd6 22. Nxc6 Bxg3 23. Nxa7+ Kb8 24. hxg3 Kxa7 25. a5 Qf8 26. Qd4+ Kb8 27. a6
Qc8 28. Qe5+ Ka8 29. axb7+ Kxb7 30. Ra5 Qb8 31. Qd4 Kc8 32. Rc5+ Kd8 33. Qf6+
Ke8 34. Rxd5 Qc8 1-0

[Event "XVII C.to Italiano UISP A"]
[Site "Montecatini Terme ITA"]
[Date "1996.12.??"]
[Round "6"]
[White "Voltolini, Mario"]
[Black "Travaglini, Alberto"]
[WhiteElo "2185"]
[BlackElo "2021"]
[Result "0-1"]
[PlyCount "70"]
[EventDate "1996.12.04"]

1. e4 c5 2. Nf3 d6 3. d4 cxd4 4. Nxd4 Nf6 5. Nc3 a6 6. Bg5 e6 7. f4 Qb6 8. Nb3
Nbd7 9. Qe2 Be7 10. e5 Ng8 11. exd6 Bxd6 12. O-O-O Ngf6 13. Ne4 Be7 14. Qf3 Qc7
15. Bd3 Rb8 16. g4 b5 17. Bxf6 Nxf6 18. Rhe1 Bb7 19. Nxf6+ Bxf6 20. Qf2 Rc8 21.
g5 Be7 22. Nd4 O-O 23. Qh4 h6 24. Rg1 Rfd8 25. f5 Bxg5+ 26. Rxg5 hxg5 27. Qg4
Qf4+ 28. Qxf4 gxf4 29. Bf1 e5 30. Ne2 Rxd1+ 31. Kxd1 Be4 32. c4 bxc4 33. f6 Bd3
34. Bh3 Bxe2+ 35. Kxe2 Rb8 0-1

[Event "XVII C.to Italiano UISP A"]
[Site "Montecatini Terme ITA"]
[Date "1996.12.??"]
[Round "7"]
[White "Arnetta, Benedetto"]
[Black "Bruno, Massimo"]
[WhiteElo "1609"]
[BlackElo "1984"]
[Result "1/2-1/2"]
[PlyCount "46"]
[EventDate "1996.12.04"]

1. e4 c5 2. d4 cxd4 3. c3 dxc3 4. Nxc3 Nc6 5. Nf3 d6 6. Bc4 e6 7. O-O Be7 8.
Qe2 Nf6 9. Rd1 e5 10. h3 O-O 11. Bg5 Be6 12. Bxf6 Bxf6 13. Nd5 Bxd5 14. Bxd5
Qe7 15. Rac1 Rac8 16. Qb5 Nd4 17. Nxd4 exd4 18. Qxb7 Qxb7 19. Bxb7 Rc5 20. Rxc5
dxc5 21. Bd5 Rb8 22. b3 Kf8 23. Kf1 Bd8 1/2-1/2

[Event "XVII C.to Italiano UISP A"]
[Site "Montecatini Terme ITA"]
[Date "1996.12.??"]
[Round "7"]
[White "Bartolozzi, Roberto"]
[Black "Voltolini, Mario"]
[WhiteElo "1902"]
[BlackElo "2185"]
[Result "1/2-1/2"]
[PlyCount "43"]
[EventDate "1996.12.04"]

1. c4 e5 2. Nc3 f5 3. g3 Nc6 4. Bg2 Nf6 5. d3 Be7 6. e3 O-O 7. Nge2 d6 8. O-O
Be6 9. Nd5 Rb8 10. Nec3 Qd7 11. Qa4 Kh8 12. b4 a6 13. Nxe7 Nxe7 14. Qxd7 Bxd7
15. b5 Be6 16. Rd1 a5 17. a4 b6 18. Bb2 Rbc8 19. Bb7 Rcd8 20. Bg2 Rc8 21. Bb7
Rcd8 22. Bg2 1/2-1/2

[Event "XVII C.to Italiano UISP A"]
[Site "Montecatini Terme ITA"]
[Date "1996.12.??"]
[Round "7"]
[White "Beggi, Pierluigi"]
[Black "Nannelli, Paolo"]
[WhiteElo "2220"]
[BlackElo "2265"]
[Result "1/2-1/2"]
[PlyCount "60"]
[EventDate "1996.12.04"]

1. c4 g6 2. Nc3 Bg7 3. g3 e5 4. Bg2 d6 5. d3 Nf6 6. e3 O-O 7. Nge2 a5 8. O-O c6
9. Rb1 Na6 10. a3 d5 11. cxd5 cxd5 12. d4 exd4 13. Nxd4 Nc5 14. b4 axb4 15.
axb4 Nce4 16. Bb2 Re8 17. Ra1 Rxa1 18. Bxa1 h5 19. Qc2 h4 20. Nxe4 dxe4 21. Ne2
Qe7 22. Qc5 Qxc5 23. bxc5 h3 24. Bh1 Bf5 25. Bd4 Nd7 26. f3 exf3 27. Bxf3 Bd3
28. Kf2 Ne5 29. Rd1 Nxf3 30. Kxf3 Be4+ 1/2-1/2

[Event "XVII C.to Italiano UISP A"]
[Site "Montecatini Terme ITA"]
[Date "1996.12.??"]
[Round "7"]
[White "Caposciutti, Maurizio"]
[Black "Cecconi, Giovanni Alberto"]
[WhiteElo "2305"]
[BlackElo "2215"]
[Result "1/2-1/2"]
[PlyCount "87"]
[EventDate "1996.12.04"]

1. e4 g6 2. d4 Bg7 3. Nf3 d6 4. Nc3 c6 5. a4 Nf6 6. h3 O-O 7. Be3 b6 8. Qd2 Re8
9. Be2 Bb7 10. O-O Na6 11. Rad1 Nc7 12. Bh6 Bh8 13. Qc1 Qd7 14. Ng5 e6 15. f4
Qe7 16. e5 Nfd5 17. Nce4 Red8 18. exd6 Rxd6 19. Nxd6 Qxd6 20. Ne4 Qd7 21. Bg5
Ne8 22. c3 Bg7 23. Nf2 Nd6 24. g4 Rc8 25. Bf3 Nc4 26. Rfe1 Qc7 27. Nd3 Bf8 28.
Ne5 Nd6 29. c4 Nb4 30. c5 Ne8 31. Nd3 Nd5 32. Bh4 Ba6 33. Bxd5 cxd5 34. Bf2
Bxd3 35. Rxd3 Nd6 36. Rc3 bxc5 37. Rxc5 Qb7 38. Rxc8 Nxc8 39. Qc2 Qb8 40. Be3
g5 41. Rf1 Nd6 42. Qf2 Ne4 43. Qf3 Bd6 44. b4 1/2-1/2

[Event "XVII C.to Italiano UISP A"]
[Site "Montecatini Terme ITA"]
[Date "1996.12.??"]
[Round "7"]
[White "Ciotoli, Patrizio"]
[Black "Genovese, Maurizio"]
[WhiteElo "1956"]
[BlackElo "2265"]
[Result "1/2-1/2"]
[PlyCount "90"]
[EventDate "1996.12.04"]

1. e4 e5 2. f4 exf4 3. Nf3 d5 4. exd5 c6 5. d4 Bd6 6. Bd3 Nf6 7. Qe2+ Qe7 8.
Qxe7+ Kxe7 9. dxc6 Nxc6 10. c3 Re8 11. O-O Kf8 12. Nbd2 h6 13. Nc4 Bc7 14. Nfe5
Nxe5 15. dxe5 Nd5 16. Bxf4 Nxf4 17. Rxf4 Bxe5 18. Nxe5 Rxe5 19. Bc4 f6 20. Rd1
Bf5 21. Rd5 Rxd5 22. Bxd5 Bc8 23. Rc4 Bf5 24. Rc7 Rd8 25. c4 Rd7 26. Rxd7 Bxd7
27. Bxb7 Be6 28. b3 Ke7 29. Kf2 Kd6 30. Ke3 Ke5 31. Bf3 f5 32. g3 g5 33. c5 Bf7
34. c6 Be6 35. b4 Kd6 36. a4 Bb3 37. a5 Ba4 38. Kd4 Bxc6 39. Be2 Be4 40. b5 Bd5
41. Bd3 Be6 42. b6 axb6 43. axb6 f4 44. gxf4 gxf4 45. Be4 Bc8 1/2-1/2